Lucy Dacus - Ankles (lyrics) - Statistics

General Stats
  • This quiz has been taken 47 times
  • The average score is 207 of 225
Answer Stats
Answer % Correct
do
100%
don't
100%
I
100%
to
100%
a
96%
ankles
96%
are
96%
can
96%
like
96%
me
96%
talk
96%
the
96%
this
96%
we
96%
What
96%
what
96%
you
96%
You
96%
your
96%
about
93%
and
93%
And
93%
baby
93%
bed
93%
by
93%
crossword
93%
dreams
93%
edge
93%
gonna
93%
Gonna
93%
have ?
93%
have
93%
help
93%
if
93%
If
93%
I'm
93%
in
93%
make
93%
of
93%
Pull
93%
show
93%
stop
93%
take
93%
time
93%
touch ?
93%
touch
93%
want
93%
when
93%
with
93%
ask
89%
cannot
89%
fit
89%
how
89%
How
89%
I'll
89%
it
89%
it's
89%
let
89%
mean
89%
not
89%
on
89%
So
89%
so
89%
then
89%
throw
89%
again
86%
counts
86%
did
86%
let's
86%
much
86%
my
86%
One
86%
only
86%
Playing
86%
sleep
86%
that
86%
There
86%
there
86%
think
86%
thought
86%
through
86%
where
86%
Agent
82%
all
82%
angel
82%
bite
82%
chaos
82%
death
82%
lose ?
82%
lucky
82%
scissors
82%
shoulder
82%
tell
82%
three
82%
ancient
79%
hair
79%
tea
79%
fates
68%
Now
68%
move
64%
mornings
54%
No matching quizzes found
Score Distribution
Percent of People with Each Score
Percentile by Number Answered
Your Score History
You have not taken this quiz